Physics. Vol- I (Record no. 590490)

000 -LEADER
fixed length control field 02043cam a2200325 a 4500
001 - CONTROL NUMBER
control field 12277534
003 - CONTROL NUMBER IDENTIFIER
control field NUST
005 - DATE AND TIME OF LATEST TRANSACTION
control field 20220721140953.0
008 - FIXED-LENGTH DATA ELEMENTS--GENERAL INFORMATION
fixed length control field 010112s2002 nyua b 001 0 eng
010 ## - LIBRARY OF CONGRESS CONTROL NUMBER
LC control number 2001017605
Canceled/invalid LC control number 2001268648
020 ## - INTERNATIONAL STANDARD BOOK NUMBER
International Standard Book Number 0471320579 (v. 1 : acidfree paper)
020 ## - INTERNATIONAL STANDARD BOOK NUMBER
International Standard Book Number 0471401943 (v. 2 : acidfree paper)
040 ## - CATALOGING SOURCE
Original cataloging agency DLC
Transcribing agency DLC
Modifying agency DLC
050 00 - LIBRARY OF CONGRESS CALL NUMBER
Classification number QC21.3
Item number .H35 2002
082 00 - DEWEY DECIMAL CLASSIFICATION NUMBER
Classification number 530, HAL
Edition number 21
100 1# - MAIN ENTRY--PERSONAL NAME
Personal name Halliday, David,
Dates associated with a name 1916-
9 (RLIN) 19458
245 10 - TITLE STATEMENT
Title Physics. Vol- I
250 ## - EDITION STATEMENT
Edition statement 5th ed. /
Remainder of edition statement David Halliday, Robert Resnick, Kenneth S. Krane.
260 ## - PUBLICATION, DISTRIBUTION, ETC.
Place of publication, distribution, etc. New York :
Name of publisher, distributor, etc. Wiley,
Date of publication, distribution, etc. c2002.
300 ## - PHYSICAL DESCRIPTION
Extent 2 v. :
Other physical details ill. (some col.) ;
Dimensions 29 cm.
505 ## - FORMATTED CONTENTS NOTE
Formatted contents note Measurment (Page-1), Motion in on Dimension (Page-13),Force and Newton's Laws (Page-41),<br/>Motion in Two and Three Dimensions (Page-65),Application of Newton's Law (Page-89),<br/>Momentum (Page-119),Systems of Particles (Page-139),Rotational Kinematics (Page-159),<br/>Rotational Dynamics (Page-175),Angular Momentum (Page-207),Energy 1: Work Kinetic Energy (Page-229),Energy 2: Potential Energy (Page-257),Energy 3: Conservation of Energy (Page-279),Gravitation (Page-299),Fluid Statics (Page-331),Fluid Dynamics (Page-351), Oscillations (Page-373),Wave Motion (Page-401),Sound Waves (Page-427), The Special Theory of Relativity (Page-451),Temperature (Page-479),Molecular Properties of Gases (Page-497),The First Law of Thermodynamics (Page-517), Entropy and the Second Law of Thermodynamics (Page-545).
650 #0 - SUBJECT ADDED ENTRY--TOPICAL TERM
Topical term or geographic name entry element Physics.
700 1# - ADDED ENTRY--PERSONAL NAME
Personal name Resnick, Robert,
Dates associated with a name 1923-
9 (RLIN) 1506
700 1# - ADDED ENTRY--PERSONAL NAME
Personal name Krane, Kenneth S.
9 (RLIN) 39001
856 42 - ELECTRONIC LOCATION AND ACCESS
Materials specified Publisher description
Uniform Resource Identifier <a href="http://www.loc.gov/catdir/description/wiley036/2001017605.html">http://www.loc.gov/catdir/description/wiley036/2001017605.html</a>
856 4# - ELECTRONIC LOCATION AND ACCESS
Materials specified Table of Contents
Uniform Resource Identifier <a href="http://www.loc.gov/catdir/toc/onix07/2001017605.html">http://www.loc.gov/catdir/toc/onix07/2001017605.html</a>
906 ## - LOCAL DATA ELEMENT F, LDF (RLIN)
a 7
b cbc
c orignew
d 1
e ocip
f 19
g y-gencatlg
942 ## - ADDED ENTRY ELEMENTS (KOHA)
Source of classification or shelving scheme
Koha item type Book
Holdings
Withdrawn status Lost status Source of classification or shelving scheme Damaged status Not for loan Permanent Location Current Location Shelving location Date acquired Total Checkouts Full call number Barcode Date last seen Date last checked out Price effective from Koha item type Public note
          Military College of Signals (MCS) Military College of Signals (MCS) Reference 07/21/2022 3 530,HAL MCS38698 01/06/2026 06/23/2025 07/21/2022 Reference Almirah Fresh No.44, Shelf No.6
© 2023 Central Library, National University of Sciences and Technology. All Rights Reserved.